Využitie printových médií pri vyučovaní predmetu "Interkultúrna komunikácia"
Predmet Interkultúrna komunikácia vo vyučovacom procese na Fakulte medzinárodných vzťahov ako aj na Fakulte aplikovaných jazykov Ekonomickej univerzity v Bratislave. V rámci tohto predmetu sa študenti zoznámia s kultúrnymi rozdielmi, kultúrnymi štandardmi, rozdelením kultúr, osvoja si množstvo teore...
Guardado en:
| Autor principal: | |
|---|---|
| Formato: | Capítulo de libro |
| Lenguaje: | eslovaco |
| Materias: | |
| Etiquetas: |
Sin Etiquetas, Sea el primero en etiquetar este registro!
|
MARC
| LEADER | 00000nla$a2200000$$$4500 | ||
|---|---|---|---|
| 001 | 0132425 | ||
| 005 | 20240502072510.2 | ||
| 041 | 0 | |a slo | |
| 044 | |a SK | ||
| 245 | 1 | 0 | |a Využitie printových médií pri vyučovaní predmetu "Interkultúrna komunikácia" |c Júlia Prociková |
| 520 | |a Predmet Interkultúrna komunikácia vo vyučovacom procese na Fakulte medzinárodných vzťahov ako aj na Fakulte aplikovaných jazykov Ekonomickej univerzity v Bratislave. V rámci tohto predmetu sa študenti zoznámia s kultúrnymi rozdielmi, kultúrnymi štandardmi, rozdelením kultúr, osvoja si množstvo teoretických vedomostí, ktoré sú pre nich z hľadiska budúcej profesionálnej praxe nenahraditeľné. Práca s printovými médiami, ktoré sú dôležitým zdrojom aktuálnych informácií a spravodajstva, je obohatením vyučovacieho procesu a zároveň dáva študentom možnosť použiť získané teoretické vedomosti pri analýze textu. | ||
| 610 | 2 | 0 | |a vzdelávanie vysokoškolské |
| 610 | 2 | 0 | |a predmety učebné |
| 610 | 2 | 0 | |a jazyky cudzie |
| 610 | 2 | 0 | |a nemčina |
| 610 | 2 | 0 | |a komunikácia |
| 610 | 2 | 0 | |a tlač |
| 100 | 1 | |a Prociková, Júlia | |